01558nam a2200385 a 4500001001200000003000800012006001900020007001500039008004100054010001700095020003300112020002300145020001800168020002700186040002100213035002100234043001200255050002900267082001600296100002600312245013300338260006200471300003100533440003900564504006600603505003200669533015200701650003600853650004000889651005400929655002900983710001701012856012601029999001701155ebr10642658CaPaEBRm u cr cn|||||||||920723s1992 pauab sb 001 0 eng d z 92023545  z081223166X (acid-free paper) z081221434X (paper) z9780812214345 z9780812206425 (e-book) aCaPaEBRcCaPaEBR a(OCoLC)681441726 aa-np---14aBL2033.5.S52bD45 1992eb04a299/.542201 aDesjarlais, Robert R.10aBody and emotionh[electronic resource] :bthe aesthetics of illness and healing in the Nepal Himalayas /cRobert R. Desjarlais. aPhiladelphia :bUniversity of Pennsylvania Press,cc1992. axii, 300 p. :bill., maps. 0aSeries in contemporary ethnography aIncludes bibliographical references (p. [281]-295) and index.0 apt. 1. Loss -- pt. Healing. aElectronic reproduction.bPalo Alto, Calif. :cebrary,d2013.nAvailable via World Wide Web.nAccess may be limited to ebrary affiliated libraries. 0aShamanismzNepalzHelmu Region. 0aSherpa (Nepalese people)xReligion. 0aHelmu Region (Nepal)xReligious life and customs. 7aElectronic books.2local2 aebrary, Inc.40uhttp://site.ebrary.com/lib/rucke/Doc?id=10642658zAn electronic book accessible through the World Wide Web; click to view c43881d43881